[Event "SVK-ch U2400"]
[Site "Liptovsky Jan"]
[Date "2025.06.13"]
[Round "4"]
[White "Muller, Tomas"]
[Black "Mikula, Michal"]
[Result "0-1"]
[WhiteElo "1603"]
[BlackElo "1971"]
[PlyCount "74"]
[EventDate "2025.06.12"]
[EventType "swiss"]
[EventRounds "8"]
[EventCountry "SVK"]
[SourceTitle "CB25_2025"]
[SourceDate "2025.06.18"]
[SourceVersion "1"]
[SourceVersionDate "2025.06.18"]
[SourceQuality "1"]

1. d4 Nf6 2. Bf4 g6 3. Nc3 d5 4. e3 a6 5. Nf3 Bg7 6. Bd3 c5 7. 0-0 Nc6 8. h3 0-0 9. Be2 Qa5 10. Ne5 cxd4 11. Nxc6 bxc6 12. exd4 Nd7 13. Qd2 Re8 14. b3 e5 15. dxe5 Nxe5 16. Rab1 Bf5 17. b4 Qd8 18. Rbd1 Qh4 19. Kh2 Rad8 20. Bg5 Qxb4 21. Bxd8 Rxd8 22. g3 Qa5 23. Kg2 d4 24. Nb1 Qd5+ 25. Kh2 d3 26. cxd3 Qe6 27. g4 Bxd3 28. Qf4 Nd7 29. Qf3 Bxe2 30. Qa3 Bxf1 31. Rxf1 Bf8 32. Qxa6 Bd6+ 33. Kg1 Qe5 34. f4 Qe3+ 35. Kg2 Qe4+ 36. Kg3 Nc5 37. Qa5 Bxf4+ 0-1

[Event "SVK-ch U2400"]
[Site "Liptovsky Jan"]
[Date "2025.06.12"]
[Round "1"]
[White "Durovka, Marek"]
[Black "Muller, Tomas"]
[Result "1-0"]
[WhiteElo "1998"]
[BlackElo "1603"]
[PlyCount "73"]
[EventDate "2025.06.12"]
[EventType "swiss"]
[EventRounds "8"]
[EventCountry "SVK"]
[SourceTitle "CB25_2025"]
[SourceDate "2025.06.18"]
[SourceVersion "1"]
[SourceVersionDate "2025.06.18"]
[SourceQuality "1"]

1. c4 Nf6 2. Nc3 g6 3. d4 Bg7 4. e4 d6 5. Be2 0-0 6. Be3 Nbd7 7. g4 e5 8. g5 Ne8 9. d5 a6 10. h4 c5 11. h5 Nc7 12. hxg6 fxg6 13. Nf3 Rf7 14. Nh2 Rb8 15. a4 Nf8 16. Qb3 Bd7 17. Qb6 Ne8 18. Qxd8 Rxd8 19. Kd2 Rb8 20. Rhb1 a5 21. Ng4 Nc7 22. Rf1 Na6 23. f4 Bxg4 24. Bxg4 exf4 25. Bxf4 Be5 26. Bxe5 dxe5 27. Rxf7 Kxf7 28. Rf1+ Kg7 29. Nb5 Rd8 30. Rf6 h6 31. Rb6 hxg5 32. Rxb7+ Kh6 33. Na7 Nh7 34. Nc6 Rf8 35. Nxe5 Rf2+ 36. Ke3 Rg2 37. Rb6 1-0

[Event "SVK-ch U12 rapid"]
[Site "Poprad"]
[Date "2025.05.03"]
[Round "1"]
[White "Muller, Tomas"]
[Black "Bezila, Peter"]
[Result "1-0"]
[WhiteElo "1588"]
[BlackElo "1030"]
[PlyCount "101"]
[EventDate "2025.05.03"]
[EventType "swiss (rapid)"]
[EventRounds "7"]
[EventCountry "SVK"]
[SourceTitle "CB19_2025"]
[SourceDate "2025.05.07"]
[SourceVersion "1"]
[SourceVersionDate "2025.05.07"]
[SourceQuality "1"]

1. d4 d5 2. Bf4 Bf5 3. Nf3 Nc6 4. e3 Nf6 5. Bb5 Qd7 6. Ne5 Qe6 7. Nxc6 bxc6 8. Bd3 Bg6 9. Bxc7 Qd7 10. Bf4 e6 11. Qe2 Bb4+ 12. c3 Ba5 13. Bxg6 fxg6 14. Nd2 0-0 15. 0-0 Nh5 16. Be5 Nf6 17. Nb3 Bc7 18. Nc5 Qe7 19. Bxc7 Qxc7 20. Nxe6 Qe7 21. Nxf8 Rxf8 22. Rac1 Ne4 23. c4 dxc4 24. Rxc4 Qe6 25. Qc2 Rc8 26. Rc1 Rf8 27. Rxc6 Qf7 28. Qc4 Qxc4 29. R6xc4 Nd2 30. Rc8 Ne4 31. Rxf8+ Kxf8 32. Rc8+ Kf7 33. Rc7+ Kf6 34. Rxa7 Kg5 35. b4 Nd6 36. a4 Nc8 37. Rxg7 Kh6 38. Rc7 Nb6 39. a5 Nd5 40. a6 Nxc7 41. a7 Kg7 42. b5 Kf7 43. b6 Na6 44. a8Q Nb4 45. b7 Nc6 46. Qa2+ Ke7 47. Qd5 Nb4 48. Qc5+ Kf6 49. Qxb4 Kg5 50. b8Q h5 51. Qf4# 1-0

[Event "SVK-ch U12 rapid"]
[Site "Poprad"]
[Date "2025.05.03"]
[Round "3"]
[White "Muller, Tomas"]
[Black "Rozboril, Alex"]
[Result "1/2-1/2"]
[WhiteElo "1588"]
[BlackElo "1552"]
[PlyCount "121"]
[EventDate "2025.05.03"]
[EventType "swiss (rapid)"]
[EventRounds "7"]
[EventCountry "SVK"]
[SourceTitle "CB19_2025"]
[SourceDate "2025.05.07"]
[SourceVersion "1"]
[SourceVersionDate "2025.05.07"]
[SourceQuality "1"]

1. d4 d5 2. Bf4 Nf6 3. Nf3 e6 4. e3 Nbd7 5. h3 c6 6. Bd3 b5 7. Qe2 a6 8. 0-0 Be7 9. c3 0-0 10. Nbd2 Bb7 11. Rfe1 c5 12. a3 b4 13. axb4 cxb4 14. Bxa6 bxc3 15. bxc3 Qb6 16. Bxb7 Qxb7 17. c4 Rfc8 18. c5 Qb2 19. Rab1 Qc2 20. Rb7 Ra2 21. Bg5 Bd8 22. Bh4 Ne4 23. Bxd8 Rxd8 24. Qb5 Nxd2 25. Nxd2 Qxd2 26. Rf1 Nf6 27. Rb8 Rf8 28. Rxf8+ Kxf8 29. Qb8+ Ne8 30. Qg3 Rc2 31. Qh4 Qd3 32. Qg3 Qb5 33. Qh4 h6 34. Qd8 Qc6 35. Qa5 Nc7 36. Rb1 g6 37. Qb6 Qxb6 38. cxb6 Na6 39. b7 Rc7 40. b8Q+ Nxb8 41. Rxb8+ Kg7 42. Kh2 Kf6 43. Rh8 h5 44. Kg3 Rc2 45. Kf3 Kf5 46. Rf8 f6 47. g4+ hxg4+ 48. hxg4+ Kg5 49. Re8 Rc6 50. Rh8 f5 51. gxf5 gxf5 52. Rg8+ Kf6 53. Kf4 Rc2 54. Kf3 Rc7 55. Rh8 Kg7 56. Re8 Kf7 57. Rh8 Kf6 58. Rh6+ Ke7 59. Rh7+ Kd6 60. Rxc7 Kxc7 61. Kf4 1/2-1/2

[Event "SVK-ch U12"]
[Site "Tatralandia"]
[Date "2024.04.08"]
[Round "5"]
[White "Kulka, Tomas"]
[Black "Muller, Tomas"]
[Result "0-1"]
[WhiteElo "1000"]
[BlackElo "1700"]
[PlyCount "44"]
[EventDate "2024.04.05"]
[EventType "swiss"]
[EventRounds "9"]
[EventCountry "SVK"]
[SourceTitle "CBM 219 Extra"]
[Source "ChessBase"]
[SourceDate "2024.05.31"]
[SourceVersion "1"]
[SourceVersionDate "2024.05.31"]
[SourceQuality "1"]

1. e4 e6 2. Nf3 d5 3. exd5 exd5 4. Be2 Nc6 5. h3 Bd6 6. d4 Nge7 7. 0-0 Bf5 8. c4 dxc4 9. Bxc4 0-0 10. Re1 Qd7 11. Be3 Rfe8 12. Nc3 Rad8 13. Bd3 h6 14. Bxf5 Nxf5 15. Bd2 Nfxd4 16. Nxd4 Nxd4 17. Rxe8+ Rxe8 18. Kh1 Qf5 19. Be3 Nc2 20. Rc1 Nxe3 21. fxe3 Rxe3 22. Qg1 Rxh3+ 0-1

[Event "SVK-ch U10"]
[Site "Dudince"]
[Date "2023.04.17"]
[Round "3"]
[White "Muller, Tomas"]
[Black "Kopecny, Filip"]
[Result "0-1"]
[WhiteElo "1317"]
[BlackElo "1444"]
[PlyCount "68"]
[EventDate "2023.04.16"]
[EventType "swiss"]
[EventRounds "9"]
[EventCountry "SVK"]
[SourceTitle "CBM 213 Extra"]
[Source "ChessBase"]
[SourceDate "2023.05.31"]
[SourceVersion "1"]
[SourceVersionDate "2023.05.31"]
[SourceQuality "1"]

1. e4 d5 2. Nc3 c6 3. Nf3 Bg4 4. h3 Bxf3 5. Qxf3 e6 6. g3 Bc5 7. Bg2 Nd7 8. 0-0 Ngf6 9. d3 h6 10. Qe2 0-0 11. Rd1 Bd4 12. Rb1 Qc7 13. Bd2 Qxg3 14. Be3 Bxe3 15. Qxe3 Qxe3 16. fxe3 Nb6 17. Re1 Rfd8 18. exd5 cxd5 19. e4 d4 20. Ne2 e5 21. Rf1 Rac8 22. Rbc1 Na4 23. b3 Nc3 24. Nxc3 Rxc3 25. Bf3 Rdc8 26. Bd1 Rxd3 27. Bg4 Rg3+ 28. Kh2 Rcc3 29. Be2 Rxh3+ 30. Kg2 Rcg3+ 31. Kf2 Nxe4+ 32. Ke1 Re3 33. Kd1 Nc3+ 34. Kd2 Rxe2# 0-1

[Event "SVK-ch U10"]
[Site "Stara Lubovna"]
[Date "2022.05.21"]
[Round "1"]
[White "Muller, Tomas"]
[Black "Dlugos, Matej"]
[Result "1-0"]
[WhiteElo "1240"]
[BlackElo "1000"]
[PlyCount "47"]
[EventDate "2022.05.21"]
[EventType "swiss"]
[EventRounds "9"]
[EventCountry "SVK"]
[SourceTitle "CBM 208 Extra"]
[Source "ChessBase"]
[SourceDate "2022.07.31"]
[SourceVersion "1"]
[SourceVersionDate "2022.07.31"]
[SourceQuality "1"]

1. d4 d5 2. Bf4 Nf6 3. Nf3 Nc6 4. e3 Bd7 5. h3 g6 6. Bd3 Bg7 7. Nbd2 0-0 8. c3 a6 9. Qe2 Nb8 10. h4 Bg4 11. 0-0-0 Nc6 12. Rdg1 h5 13. Qe1 Re8 14. Ng5 Nh7 15. Nxh7 Kxh7 16. f3 Bd7 17. g4 Kh8 18. gxh5 gxh5 19. Qg3 Rg8 20. Qg5 Qf8 21. Qxh5+ Bh6 22. Rxg8+ Kxg8 23. Rg1+ Kh8 24. Bxh6 1-0

[Event "EU-ch Hybrid U08"]
[Site "Tornelo INT"]
[Date "2021.10.15"]
[Round "1"]
[White "Muller, Tomas"]
[Black "Rusu, Lucas"]
[Result "0-1"]
[WhiteElo "1065"]
[BlackElo "1526"]
[PlyCount "112"]
[EventDate "2021.10.15"]
[EventType "swiss"]
[EventRounds "9"]
[EventCountry "NET"]
[SourceTitle "EXT 2023"]
[Source "ChessBase"]
[SourceDate "2022.10.05"]
[SourceVersion "1"]
[SourceVersionDate "2022.10.05"]
[SourceQuality "1"]
[WhiteTeam "Slovakia"]
[BlackTeam "Romania"]
[WhiteTeamCountry "SVK"]
[BlackTeamCountry "ROU"]

1. e4 e5 2. Nf3 Nc6 3. Bb5 Bc5 4. d3 Nd4 5. Nxd4 Bxd4 6. Nd2 c6 7. Ba4 d6 8. Qe2 Nf6 9. Nb3 Bb6 10. Bd2 Be6 11. 0-0 h6 12. h3 Bc7 13. Nc1 0-0 14. a3 Qe7 15. f4 exf4 16. Bxf4 Rfe8 17. Rd1 Rad8 18. Na2 a5 19. Nc3 b5 20. Bb3 Bxb3 21. cxb3 Bb6+ 22. Kh1 Bd4 23. b4 axb4 24. axb4 d5 25. Re1 Qxb4 26. Ra3 Bxc3 27. Rxc3 dxe4 28. dxe4 Rxe4 29. Be3 Rde8 30. Rd3 Nd5 31. Qf2 Qe7 32. Bd2 Rxe1+ 33. Bxe1 Qxe1+ 34. Qxe1 Rxe1+ 35. Kh2 Re3 36. Rd2 Kf8 37. Kg1 Ke7 38. Kf2 Re6 39. Rd3 Kd6 40. b4 Re4 41. Kf3 Rxb4 42. Ke2 c5 43. Kd2 c4 44. Ra3 Ra4 45. Rf3 f6 46. Rg3 g5 47. Rf3 Kc5 48. Kc2 Ra2+ 49. Kd1 c3 50. Kc1 b4 51. g4 b3 52. Kb1 c2+ 53. Kc1 Ra1+ 54. Kd2 c1Q+ 55. Ke2 Ra2+ 56. Kd3 Qc4# 0-1

[Event "SVK-ch U08"]
[Site "Stara Lubovna"]
[Date "2021.07.01"]
[Round "7"]
[White "Kluska, David"]
[Black "Muller, Tomas"]
[Result "0-1"]
[WhiteElo "1086"]
[BlackElo "1116"]
[PlyCount "78"]
[EventDate "2021.06.26"]
[EventType "swiss"]
[EventRounds "9"]
[EventCountry "SVK"]
[SourceTitle "CBM 203 Extra"]
[Source "ChessBase"]
[SourceDate "2021.09.30"]
[SourceVersion "1"]
[SourceVersionDate "2021.09.30"]
[SourceQuality "1"]

1. e4 e6 2. d4 d5 3. e5 c5 4. c3 Nc6 5. Nf3 Bd7 6. Bg5 Nge7 7. Bb5 Qc7 8. 0-0 Qb6 9. a4 Ng6 10. Qb3 Be7 11. Bxe7 Ngxe7 12. Nbd2 0-0 13. Qc2 Rac8 14. Bxc6 Nxc6 15. Ng5 g6 16. Qd3 Qd8 17. f4 cxd4 18. cxd4 h6 19. Ngf3 Nb4 20. Qb3 a5 21. g3 Qc7 22. Rfe1 Qc2 23. Qxc2 Nxc2 24. Rac1 Nxe1 25. Rxc8 Rxc8 26. Nxe1 Bxa4 27. Nd3 Rc2 28. Nf3 b5 29. Nfe1 Rd2 30. b4 axb4 31. Nxb4 Rxd4 32. Nc6 Rc4 33. Na5 Rc1 34. Kf2 b4 35. Nd3 Rc2+ 36. Kg1 b3 37. h4 b2 38. Nc4 b1R+ 39. Ne1 Rxe1# 0-1

[Event "SVK-ch U08"]
[Site "Lubovna"]
[Date "2020.08.21"]
[Round "8"]
[White "Muller, Tomas"]
[Black "Tvrdy, Simon"]
[Result "1-0"]
[WhiteElo "1000"]
[BlackElo "1000"]
[PlyCount "87"]
[EventDate "2020.08.15"]
[EventType "tourn"]
[EventRounds "9"]
[EventCountry "SVK"]
[SourceTitle "EXT 2021"]
[Source "ChessBase"]
[SourceDate "2020.10.23"]
[SourceVersion "1"]
[SourceVersionDate "2020.10.23"]
[SourceQuality "1"]

1. e4 e5 2. Nf3 Nc6 3. c4 Nf6 4. Nc3 Be7 5. b3 0-0 6. Bb2 d6 7. Bd3 Bd7 8. 0-0 Nd4 9. Nxd4 exd4 10. Nd5 Nxd5 11. exd5 c5 12. dxc6 Bxc6 13. Bxd4 Qd7 14. Qh5 g6 15. Qh6 f6 16. Rfe1 Qg4 17. f3 Qxd4+ 18. Qe3 Qxe3+ 19. Rxe3 Rae8 20. Rae1 Rf7 21. Kf1 Rff8 22. Rxe7 a5 23. R7e6 Rxe6 24. Rxe6 Kf7 25. Rxd6 Ra8 26. c5 a4 27. Bc4+ Kg7 28. b4 b5 29. cxb6 Rc8 30. Ba6 Ra8 31. b5 Be8 32. Rc6 Bxc6 33. b7 Bxb7 34. Bxb7 Rd8 35. Ke2 Rd7 36. Bc6 Rc7 37. d4 Kf7 38. Kd3 Ke6 39. d5+ Kd6 40. Kc4 Rc8 41. Kb4 h6 42. f4 f5 43. Kxa4 h5 44. Kb4 1-0

[Event "SVK-ch U08"]
[Site "Lubovna"]
[Date "2020.08.15"]
[Round "1"]
[White "Muller, Tomas"]
[Black "Hnat, Samuel"]
[Result "1-0"]
[WhiteElo "1000"]
[BlackElo "1000"]
[PlyCount "22"]
[EventDate "2020.08.15"]
[EventType "tourn"]
[EventRounds "9"]
[EventCountry "SVK"]
[SourceTitle "EXT 2021"]
[Source "ChessBase"]
[SourceDate "2020.10.23"]
[SourceVersion "1"]
[SourceVersionDate "2020.10.23"]
[SourceQuality "1"]

1. e4 e6 2. Nc3 Nf6 3. Nf3 Bd6 4. g3 0-0 5. e5 Bc5 6. exf6 gxf6 7. d4 Bb4 8. Bg2 Bxc3+ 9. bxc3 Kh8 10. Bh6 Rg8 11. 0-0 Nc6 1-0